Proces "zviditeľnenia" vlastníkov. Pohľad do zákulisia privatizácie v Slovenskej republike.

Štandardná metóda privatizácie (priamy predaj, verejná súťaž, verejná dražba) podľa Koncepcie postupu privatizácie, prijatej vládou SR. Privatizačné projekty, v ktorých je majetok celého podniku alebo jeho časti navrhovaný na priamy predaj vopred určenému záujemcovi. Prehľad priamych predajov štátny...

Descrizione completa

Salvato in:
Dettagli Bibliografici
Autore principale: Okruhlica, František
Natura: Capitolo di libro
Lingua:slovacco
Soggetti:
Tags: Aggiungi Tag
Nessun Tag, puoi essere il primo ad aggiungerne!!

MARC

LEADER 00000naa a2200000 4500
001 r011570
005 20220826091823.3
041 0 |a slo 
044 |a CZ 
245 1 0 |a Proces "zviditeľnenia" vlastníkov.  |b Pohľad do zákulisia privatizácie v Slovenskej republike.  |c František Okruhlica 
520 |a Štandardná metóda privatizácie (priamy predaj, verejná súťaž, verejná dražba) podľa Koncepcie postupu privatizácie, prijatej vládou SR. Privatizačné projekty, v ktorých je majetok celého podniku alebo jeho časti navrhovaný na priamy predaj vopred určenému záujemcovi. Prehľad priamych predajov štátnych podnikov, ktoré schválila vláda SR. 
610 2 0 |a privatizácia 
610 2 0 |a Slovensko 
610 2 0 |a projekty 
610 2 0 |a predaj priamy 
610 2 0 |a podnik štátny 
100 1 |a Okruhlica, František